000 00537nam a2200145Ia 4500
008 140724s9999 xx 000 0 und d
050 _aLC 4718
_b.B826 2012
100 _aBravo, Erianne Kate G.
245 _aTeaching strategies in mathematics that affect the behavioral performance of students with autism /
_cErianne Kate G. Bravo.
260 _aLas PiƱas, Philippines :
_bSouthville International School and Colleges,
_cc2012.
300 _a69 p. :
_bill. ;
_c28 cm.
521 _aSpecial Education
942 _cTH
999 _c228655
_d228655